000 01077cam a22002535a 4500
001 L139904
008 070820s2003 xxk f 000 0 eng d
020 _a0860176177
035 _a(Sirsi) u139904
041 0 _aeng
050 0 4 _a336.39 $2 18
110 2 _aConstruction Industry Research and Information Association
_94810
245 0 0 _aPPPCom
_bthe integrated risk and value management toolkit for public private partnerships
_h[electronic resource]
260 _aLondon
_bCIRIA
_c2003
300 _a1
_fCD-ROM
490 0 _aCIRIA
_vC617
505 2 _aIntroduction -- Risk and value in PPP -- PPP Process phases -- Understaing, optimising and communicating your risks (risk tool) -- Case studies -- Background reading -- Further guidance -- Software help
520 _aOnline tool to create a better appreciation and understanding of the risk and value issues when considering PPP projects.
650 2 4 _aPUBLIC PRIVATE PARTNERSHIPS
650 2 4 _aPRIVATE FINANCE INITIATIVE
651 4 _aUnited Kingdom
_y
690 _aMANAGEMENT-BUSINESS MANAGEMENT
942 _n0
999 _c85444
_d85444